000
00223 a2200097 4500
001
35936
100
_a
Race John
245
_a
Case Studies in Systems analysis
260
_a
Hounmills
_b
Macmillan
_c
090
_c
23486
_d
23486
942
_a
NUST-CAE
_c
M
_c
14987
999
_c
271009
_d
271009